000 01089nam a22003017a 4500
005 20240530110449.0
008 150503s2012 ua g b 000 0 ara d
017 _a14261/2011
_bمصر . دار الكتب المصرية
020 _a9789773191456
040 _aEG-CaGPL
082 0 4 _221
_a323.445\
_bف ح
100 0 _aفتحى حسن عامر
245 1 0 _aحرية الاعلام و القانون /
_cفتحى حسن عامر
250 _aط1
260 _aالقاهرة :
_bالعربى للنشر و التوزيع ،
_c2012 .
300 _a263 ص ؛
_c24 سم .
490 _aدراسات فى الاعلام
504 _aيشتمل على ارجاعات ببليوجرافية
610 2 4 _aالمجلس الاعلى للصحافة
650 0 4 _aحرية التعبير
650 0 4 _aجرائم السب و القذف
650 0 4 _aحرية الاعلام
650 0 4 _aالاعلام
650 0 4 _aحرية الصحافة
650 0 4 _aالاعلام
_xقوانين و تشريعات
942 _2ddc
_cBK
999 _c61209
_d61209